Welcome to the Holygrace Academy Library

Please use search bar below to get started

CANCERINE PEDIKENDA (Record no. 1063)

MARC details
000 -LEADER
fixed length control field 00310nam a22001337a 4500
020 ## - INTERNATIONAL STANDARD BOOK NUMBER
ISBN 978-93-83197-43-9
082 ## - DEWEY DECIMAL CLASSIFICATION NUMBER
Classification number 894.812
Item number GAN/C
100 ## - MAIN ENTRY--AUTHOR NAME
Personal name Dr.V.P.GANGADHARAN
245 ## - TITLE STATEMENT
Title CANCERINE PEDIKENDA
260 ## - PUBLICATION, DISTRIBUTION, ETC. (IMPRINT)
Place of publication KOTTAYAM
Name of publisher MANORAMA BOOKS
Year of publication 2016
300 ## - PHYSICAL DESCRIPTION
Number of Pages 136
650 ## - SUBJECT ADDED ENTRY--TOPICAL TERM
Topical Term HEALTHCARE
Geographic subdivision KERALA
942 ## - ADDED ENTRY ELEMENTS (KOHA)
Koha item type Books
Holdings
Withdrawn status Lost status Collection code Home library Current library Shelving location Date acquired Source of acquisition Cost, normal purchase price Full call number Accession Number Koha item type
    Reference Main Library Main Library SHELF -6A - MALAYALAM GRAMMAR,ESSAYS,GENERAL 07/11/2016 purchase 140.00 894.812 GAN/C 09825 Books